| 000 | 01226nam0a2200289 4500 | ||
|---|---|---|---|
| 001 | RU\NLR\bibl\1913615 | ||
| 005 | 20190529155234.0 | ||
| 035 | _a(NLR Aleph) 001903137 | ||
| 035 | _a(NLR-PROSOFT)rc\2847425 | ||
| 090 |
_a3074954 _c3074954 |
||
| 100 | _a20110703d1928 |||y0rusy50 ca | ||
| 101 | 0 | _arus | |
| 102 | _aRU | ||
| 105 | _ac z ||||| | ||
| 200 | 1 |
_aНочные молнии _e4-я книга стихов _fГриг. Петников |
|
| 210 |
_aЛенинград _cAcademia _d1928 _gтип. "Печатня" |
||
| 215 |
_a78 с., [1] с. объявл., [1] вкл. л. портр. _cпортр. _d17?12 см |
||
| 300 | _aВ переплете-папке. Папка и портрет: Н. Тырса | ||
| 325 | 1 | _aМикрофильм РНБ Репроцентр Санкт-Петербург, 2012. Шифр: Мф К1/35141 | |
| 700 | 1 |
_aПетников _bГ. Н. _f1894-1971 _gГригорий Николаевич _951638 _3RU\NLR\AUTH\7768710 |
|
| 702 | 1 |
_4570 _7ca _8rus _aТырса _bН. А. _f1887-1942 _gНиколай Андреевич _922950 _3RU\NLR\AUTH\7739989 |
|
| 801 | 0 |
_aRU _bNLR _c20110703 |
|
| 801 | 1 |
_aRU _bNLR _c20120609 |
|
| 852 |
_aNLR _j39/2468 |
||
| 942 | _cBOOK | ||
| 980 | _aNB | ||